书目信息 |
| 题名: |
听觉心理学导论
|
|
| 作者: | 穆尔 著 ;陈婧 , 吴玺宏 , 迟惠生 译 | |
| 分册: | ||
| 出版信息: | 北京 北京大学出版社 2018.01 |
|
| 页数: | 367页 | |
| 开本: | 24cm | |
| 丛书名: | ||
| 单 册: | ||
| 中图分类: | B842.2 | |
| 科图分类: | ||
| 主题词: | 听觉--心理学--研究 | |
| 电子资源: | ||
| ISBN: | 978-7-301-23205-7 | |
| 000 | 01264nam0 2200301 450 | |
| 001 | 0108153914 | |
| 005 | 20210308154403.0 | |
| 010 | @a978-7-301-23205-7@dCNY62.00 | |
| 100 | @a20181129d2018 em y0chiy50 ea | |
| 101 | 1 | @achi@ceng |
| 102 | @aCN@b110000 | |
| 105 | @ay z 001yy | |
| 106 | @ar | |
| 200 | 1 | @a听觉心理学导论@Ating jue xin li xue dao lun@dAn introduction to the psychology of hearing@f(英)布赖恩·C. J. 穆尔(Brian C. J. Moore)著@g陈婧,吴玺宏,迟惠生译@zeng |
| 210 | @a北京@c北京大学出版社@d2018.01 | |
| 215 | @a367页@d24cm | |
| 300 | @a博睿 | |
| 305 | @a据原书第6版译出 | |
| 330 | @a本书重点关注的内容是听知觉(auditoryperception),或称心理声学(psychoacoustics),深入浅出地阐述了声音特性与听知觉之间的关系。具体内容包括:声音的物理特征、听觉系统的结构和功能、频率选择性及掩蔽、响度感知、基音感知、空间感知、语音感知,以及助听器、人工耳蜗、高保真声音回放等实际应用问题。 | |
| 510 | 1 | @aIntroduction to the psychology of hearing@zeng |
| 606 | 0 | @a听觉@x心理学@x研究 |
| 690 | @aB842.2@v5 | |
| 701 | 0 | @a穆尔@Amu er@4著@c(英)@c(Moore, Brian C. J.) |
| 702 | 0 | @a陈婧@Achen jing@4译 |
| 702 | 0 | @a吴玺宏@Awu xi hong@4译 |
| 702 | 0 | @a迟惠生@Achi hui sheng@4译 |
| 801 | 0 | @aCN@bBJSZM@c20210308 |
| 905 | @b1272863-6@dB842.2@e3730@f4 | |
| 听觉心理学导论=An introduction to the psychology of hearing/(英)布赖恩·C. J. 穆尔(Brian C. J. Moore)著/陈婧,吴玺宏,迟惠生译.-北京:北京大学出版社,2018.01 |
| 367页;24cm |
| 博睿 |
| ISBN 978-7-301-23205-7:CNY62.00 |
| 本书重点关注的内容是听知觉(auditoryperception),或称心理声学(psychoacoustics),深入浅出地阐述了声音特性与听知觉之间的关系。具体内容包括:声音的物理特征、听觉系统的结构和功能、频率选择性及掩蔽、响度感知、基音感知、空间感知、语音感知,以及助听器、人工耳蜗、高保真声音回放等实际应用问题。 |
| ● |
| 相关链接 |
|
|
|
|
正题名:听觉心理学导论
索取号:B842.2/3730
 
预约/预借
| 序号 | 登录号 | 条形码 | 馆藏地/架位号 | 状态 | 备注 |
| 1 | 1272863 | 212728636 | 第一样本阅览室/ [索取号:B842.2/3730] | 在馆 | |
| 2 | 1272864 | 212728645 | 教育系资料室/ [索取号:B842.2/3730] | 在馆 | |
| 3 | 1272865 | 212728654 | 教育系资料室/ [索取号:B842.2/3730] | 在馆 | |
| 4 | 1272866 | 212728663 | 第一借阅区/ [索取号:B842.2/3730] | 在馆 |